| 000 | 00502nam a22001937a 4500 | ||
|---|---|---|---|
| 005 | 20250324170614.0 | ||
| 008 | 250324b |||||||| |||| 00| 0 eng d | ||
| 020 | _a9781032119250 | ||
| 041 | _aEng. | ||
| 082 | _a658.046 TJE | ||
| 100 | _aTjemkes, Brian | ||
| 245 | _aStrategic Alliance Management | ||
| 250 | _a3rd | ||
| 260 |
_aNew York _b Routledge _c2023 |
||
| 300 | _a453;. P. 24 cm | ||
| 650 | _a Strategic Alliances (Business) | ||
| 700 | _aVos, Pepijn and Burgers, Koen | ||
| 942 | _cBK | ||
| 999 |
_c43374 _d43374 |
||